000
00275nam a22001337a 4500
003
SGT
082
_a
SIN 540
100
_a
SINGH,KIRPAL
245
_a
CHEMISTRY IN DAILY LIFE
260
_a
NEW DELHI
_b
PHI
_c
2013
300
_a
174
650
_a
CHEMISTRY
942
_2
ddc
_c
FPS
_0
1
999
_c
10203
_d
10203